| 000 | 00774cam a22002293a 4500 | ||
|---|---|---|---|
| 001 | 31847 | ||
| 003 | PGUSA | ||
| 005 | 20140828083705.0 | ||
| 008 | 100331s2010||||xxu|||||s|||||000 | eng d | ||
| 040 |
_aPGUSA _beng |
||
| 042 | _adc | ||
| 050 | 4 | _aQL | |
| 245 | 1 | 0 |
_aDog Stories from the "Spectator" : _bBeing anecdotes of the intelligence, reasoning power, affection and sympathy of dogs, selected from the correspondence columns of "The Spectator" _h[electronic resource] |
| 260 |
_bProject Gutenberg, _c2010 |
||
| 506 | _aPublic domain in the USA. | ||
| 516 | _aElectronic text | ||
| 653 | _aDogs -- Folklore | ||
| 700 | 1 |
_aStrachey, John St. Loe, _d1860-1927 |
|
| 830 | 0 |
_aProject Gutenberg _v31847 |
|
| 856 | 4 | 0 | _uhttp://www.gutenberg.org/ebooks/31847 |
| 942 | _cEB | ||
| 999 |
_c261102 _d261102 |
||